Joueur des candiens Mort subite - Statistiques

Statistiques générales
  • Ce quiz a été pris 60 fois
  • Le résultat moyen est 8 sur 14
Answers on the Grid
Answers color-coded by a green-red scale on the quiz's grid according to % correct below.
Suzuki
Ovechkin
Caufield
Dobes
Wilson
McDavid
Hutson
Mathews
Kucherov
Ghule
Montembault
anderson
Pastrnak
Armia
Slafkovsky
Gallagher
Matheson
Crosby
Stamkos
Newhook
Dvorak
Evans
Saint-Louis
Getzlaf
Tavares
Perry
Mackinnon
Hedman
Panarine
Marner
 
Statistiques - réponses
Réponse % Correct
Suzuki
88%
Caufield
65%
Slafkovsky
65%
Dvorak
59%
Gallagher
59%
Hutson
59%
Montembault
59%
anderson
53%
Armia
53%
Matheson
53%
Dobes
47%
Evans
47%
Ghule
47%
Newhook
41%
Aucun quiz correspondant
Distribution des résultats
% des personnes avec chaque résultat
Percentile par nombre de réponses
Votre historique - résultats
Vous n’avez pas pris ce quiz